000 00354nam a2200157Ia 4500
008 100122s9999 xx 000 0 und d
082 _b73730
_aB823
100 _aDALTON ANNIE
245 _aWINGING IT
250 _a1
260 _bHARPER COLINS PUBLISHERS
_c2001
300 _a128
630 _aWINGING IT
730 _aWINGING IT
942 _cBOOK
999 _c389714
_d389711